The missing repossessions (Record no. 40258)

MARC details
000 -LEADER
fixed length control field 00962cab a2200265 4500
001 - CONTROL NUMBER
control field ABS48046
008 - FIXED-LENGTH DATA ELEMENTS--GENERAL INFORMATION
fixed length control field 090401t1993 xxu||||| |||| 00| 0 eng d
035 ## - SYSTEM CONTROL NUMBER
System control number (Sirsi) u64625
041 ## - LANGUAGE CODE
Language code of text/sound track or separate title eng
100 ## - MAIN ENTRY--PERSONAL NAME
Personal name Lawrence, B.
245 #4 - TITLE STATEMENT
Title The missing repossessions
260 ## - PUBLICATION, DISTRIBUTION, ETC.
Date of publication, distribution, etc. 1993
350 ## - PRICE (NR) (BK AM CF MU VM SE) [OBSOLETE]
Price 0
490 ## - SERIES STATEMENT
Series statement Housing and Planning Review
Volume/sequential designation (48)1 February/March 1993, 8-9(2)
520 ## - SUMMARY, ETC.
Summary, etc. Despite the promise of the Housing Market Package, over 80,000 homes stand empty, 65,000 of them repossessions. This article deplores such waste and seeks to explain why repossessed and deteriorating older houses represent only 3.6% of all approvals for the scheme.
650 ## - SUBJECT ADDED ENTRY--TOPICAL TERM
Topical term or geographic name entry element EMPTY HOMES AGENCY
650 ## - SUBJECT ADDED ENTRY--TOPICAL TERM
Topical term or geographic name entry element GOVERNMENT POLICY
650 ## - SUBJECT ADDED ENTRY--TOPICAL TERM
Topical term or geographic name entry element HOUSING ASSOCIATIONS
650 ## - SUBJECT ADDED ENTRY--TOPICAL TERM
Topical term or geographic name entry element NEW BUILD
650 ## - SUBJECT ADDED ENTRY--TOPICAL TERM
Topical term or geographic name entry element BUILT ENVIRONMENT-BUILDING MAINTENANCE AND REFURBISHMENT
650 ## - SUBJECT ADDED ENTRY--TOPICAL TERM
Topical term or geographic name entry element REPOSSESSIONS
690 ## - LOCAL SUBJECT ADDED ENTRY--TOPICAL TERM (OCLC, RLIN)
Topical term or geographic name as entry element HOUSING-MARKET
942 ## - ADDED ENTRY ELEMENTS (KOHA)
Suppress in OPAC 0
948 ## - LOCAL PROCESSING INFORMATION (OCLC); SERIES PART DESIGNATOR (RLIN)
c (OCLC) 04/03/1997
Holdings
Withdrawn status Lost status Source of classification or shelving scheme Damaged status Not for loan Home library Current library Shelving location Date acquired Total Checkouts Full call number Barcode Date last seen Copy number Price effective from Koha item type
    Dewey Decimal Classification     London London Journal article 14/09/1999   ABS48046 64625-1001 06/08/2019 1 06/08/2019 Journal article